Formuláre a predtlače na nácvik obchodnej korešpondencie a sekretárskych písomností

Bibliographic Details
Other Authors: Kyndl, Ján (Ing.) (Compiler), Horvát, Dezider (Compiler)
Format: Book
Language:Slovak
PhysicalDescription:[292] s. Tab. 29 cm
Published: Bratislava Slovenské pedagogické nakladateľstvo 1994
ISBN:8008022965
Edition:3. preprac. vyd.
Subjects:

MARC

LEADER 00000nam a2200000 a 4500
001 vtls001077259
003 SK-MaSNL
005 20260331202534.0
008 250414s1994 xo 0 slo
015 |a SNBA1994/12 
020 |a 8008022965 
035 |a SNK000020093 
035 |a urn:nbn:sk:snk-amljaf 
035 |a urn:nbn:sk:snk-am00brgq 
035 |a E6425F58-DBF5-41D7-9D9C-EAA4D4B6CC58 
040 |a SNK  |b slo  |c SNK  |e AACR2 
041 0 |a slo 
044 |a xo  |c SK 
080 |a 005.91:82-6  |2 2001 
100 1 |a Kyndl, Ján  |c (Ing.)  |4 com  |9 5046 
245 1 0 |a Formuláre a predtlače na nácvik obchodnej korešpondencie a sekretárskych písomností  |c Zost. Ján Kyndl, Dezider Horvát 
250 |a 3. preprac. vyd. 
260 |a Bratislava  |b Slovenské pedagogické nakladateľstvo  |c 1994  |e Nitra  |f Nitrianske tlačiarne 
300 |a [292] s.  |b Tab.  |c 29 cm 
500 |a Schválilo MŠ SSR 
650 0 7 |a obchodná korešpondencia  |2 SNKPH  |9 878 
655 7 |a učebnice  |2 SNK  |9 22521 
700 1 |a Horvát, Dezider  |4 com  |9 296267 
852 |a Slovenská národná knižnica 
919 |a 80-08-02296-5 
958 |a OND 
999 |c 765366  |d 767296 
952 |t P60, <04>, [BOOK], {604}  |a SNK  |b SNK  |y VYP  |7 0  |p 17A0078545  |o snkSB 53320 D1  |0 0  |1 0  |4 0  |d 1997-07-14  |l 0  |r 2004-12-31 00:00:00  |w 2026-02-24 
952 |a SNK  |b SNK  |y PREZ  |7 0  |p 17A0905648  |o snkSB 53320  |0 0  |1 0  |4 0  |d 2012-07-17  |f 1  |l 0  |r 2025-03-21 00:00:00  |w 2026-02-24